| 000 | 03330cam0 2200649 ib4500 | ||
|---|---|---|---|
| 001 | BY-MI0013-br4503346 | ||
| 005 | 20260204145344.0 | ||
| 010 |
^a978-5-378-01464-4 ^bв переплете |
||
| 100 | ^a20260204d2021 b y0rusy50 ca | ||
| 101 | 0 | ^arus | |
| 102 | ^aRU | ||
| 105 | ^aa z 000oy | ||
| 109 | ^ama | ||
| 200 | 1 |
^aЛюбимые сказки малышам ^eдля чтения взрослыми детям ^fхудожники: С. Болотная, Н. Коновалова, В. Нечитайло, М. Пыльцын, М. Чинчян, И. Шляхов, И. Шоколо ^gхудожники: В. Нечитайло и др.] |
|
| 210 |
^aРостов-на-Дону ^cПроф-Пресс ^d2021 |
||
| 215 |
^a140, [4] с. ^cцв. ил. ^d26 см |
||
| 225 | 1 | ^aСерия "Любимые сказки малышам" | |
| 327 | 0 | ^aСодержание: Три медведя ; Петушок — золотой гребешок ; У страха глаза велики ; Журавль и цапля ; Рукавичка ; Пиф-паф ; Лиса и тетерев ; Как звери человеку помогли ; Пузырь, соломинка и лапоть ; Глупый волк [и др.] | |
| 333 | ^a0+ | ||
| 345 | ^97000 экз. | ||
| 464 | 0 |
^12001 ^aТри медведя |
|
| 464 | 0 |
^12001 ^aПетушок — золотой гребешок |
|
| 464 | 0 |
^12001 ^aУ страха глаза велики |
|
| 464 | 0 |
^12001 ^aЖуравль и цапля |
|
| 464 | 0 |
^12001 ^aРукавичка |
|
| 464 | 0 |
^12001 ^aКак звери человеку помогали |
|
| 464 | 0 |
^12001 ^aПузырь, соломинка и лапоть |
|
| 464 | 0 |
^12001 ^aГлупый волк |
|
| 464 | 0 |
^12001 ^aПиф-паф |
|
| 464 | 0 |
^12001 ^aЛиса и тетерев |
|
| 608 |
^aНАРОДНАЯ СКАЗКА ^3BY-NLB-ar19672 ^2BYGNR |
||
| 608 |
^aДЕТСКАЯ И ЮНОШЕСКАЯ ЛИТЕРАТУРА (художеств. произведение) ^3BY-NLB-ar9019 ^2BYGNR |
||
| 686 |
^a84 ^2rubbk |
||
| 690 |
^a1 ^2Base ^9BY-MI0013 ^xRSEK |
||
| 702 | 1 |
^aБолотная ^bС. Е. ^gСветлана Е. ^cхудожник ^3BY-SEK-ar2103966 ^4040 |
|
| 702 | 1 |
^3BY-SEK-ar14455927 ^aНечитайло ^bВ. В. ^gВиктор Владимирович ^cхудожник ^4440 |
|
| 702 | 1 |
^3BY-SEK-ar13408457 ^aПыльцын ^bМ. ^gМихаил ^cхудожник ^4440 |
|
| 702 | 1 |
^aКоновалова ^bН. ^4040 |
|
| 702 | 1 |
^aЧинчян ^bМ. ^4040 |
|
| 702 | 1 |
^aШляхов ^bИ. ^4040 |
|
| 702 | 1 |
^aШоколо ^bИ. ^3BY-SEK-ar4125520 ^4040 |
|
| 801 | 0 |
^aBY ^bBY-MI0013 ^c20260204 ^gRCR |
|
| 035 | ^a(BY-MI0013)BY-MI0013-br4503346 | ||
| 899 | 0 |
^aBY-MI0013 ^iЛ93 ^h84 |
|